| 000 | 00488nam a2200193Ia 4500 | ||
|---|---|---|---|
| 008 | 170918s9999 xx 000 0 und d | ||
| 020 | _a9780590458993 | ||
| 050 | _bD199 1994 | ||
| 100 | _aDanziger, Paula | ||
| 245 | _aAmber Brown is not a crayon / | ||
| 245 | _cPaula Danzinger ; illustrated by Tony Ross. | ||
| 260 | _aNew York : | ||
| 260 | _bScholastic, | ||
| 260 | _c1994 | ||
| 300 | _a80 pages : | ||
| 300 | _bcolored illustration ; | ||
| 300 | _c19cm. | ||
| 500 | _a720 | ||
| 999 |
_c342009 _d342009 |
||